[Event "Milan SSM op"]
[Site "Milan"]
[Date "2014.01.16"]
[Round "2"]
[White "Croso, Marco"]
[Black "Vezzosi, Paolo"]
[Result "0-1"]
[WhiteElo "1861"]
[BlackElo "2252"]
[PlyCount "84"]
[EventDate "2014.01.14"]
[EventType "swiss"]
[EventRounds "8"]
[EventCountry "ITA"]
[SourceTitle "EXT 2015"]
[Source "ChessBase"]
[SourceDate "2014.11.20"]
[SourceVersion "1"]
[SourceVersionDate "2014.11.20"]
[SourceQuality "1"]

1. d4 Nf6 2. c4 e6 3. Nc3 Bb4 4. Qc2 d5 5. Nf3 0-0 6. Bg5 h6 7. Bh4 c5 8. e3 cxd4 9. exd4 Nc6 10. a3 Be7 11. Rd1 b6 12. Be2 Bb7 13. 0-0 dxc4 14. Bxc4 Na5 15. Be2 Rc8 16. Qd3 Nc4 17. Rb1 a6 18. Ne5 Nd6 19. f4 b5 20. Bf3 Bxf3 21. Rxf3 Nf5 22. Bf2 Nd5 23. Ne2 Qc7 24. g4 Nd6 25. Rc1 Qb7 26. Rd1 Nc4 27. Nxc4 bxc4 28. Qe4 Qxb2 29. Rh3 Nf6 30. Qf3 Qc2 31. Nc3 Rfd8 32. g5 hxg5 33. fxg5 Qg6 34. Kh1 Nh7 35. Rg1 Nxg5 36. Qb7 Bf6 37. Rhg3 Rb8 38. Qxa6 Rb2 39. Be3 Qc2 40. R1g2 Qxc3 41. Bxg5 Qe1+ 42. Rg1 Qe4+ 0-1

[Event "Milan Befana op-B"]
[Site "Milan"]
[Date "2014.01.05"]
[Round "4"]
[White "Croso, Marco"]
[Black "Carli, Federico"]
[Result "1-0"]
[WhiteElo "1861"]
[BlackElo "1529"]
[PlyCount "40"]
[EventDate "2014.01.02"]
[EventType "swiss"]
[EventRounds "7"]
[EventCountry "ITA"]
[SourceTitle "EXT 2015"]
[Source "ChessBase"]
[SourceDate "2014.11.20"]
[SourceVersion "1"]
[SourceVersionDate "2014.11.20"]
[SourceQuality "1"]

1. d4 d5 2. Nf3 Nf6 3. c4 c6 4. cxd5 cxd5 5. Nc3 Nc6 6. Bf4 Bf5 7. e3 e6 8. Bb5 a6 9. Bxc6+ bxc6 10. 0-0 Bd6 11. Bg5 h6 12. Bh4 0-0 13. Qa4 c5 14. dxc5 Bxc5 15. Rac1 Be7 16. Nd4 Ne4 17. Nc6 Nxc3 18. Rxc3 Qd6 19. Bxe7 Qd7 20. Bxf8 Rxf8 1-0

[Event "Milan Befana op-B"]
[Site "Milan"]
[Date "2014.01.05"]
[Round "5"]
[White "Pollio, Ciro"]
[Black "Croso, Marco"]
[Result "1-0"]
[WhiteElo "1761"]
[BlackElo "1861"]
[PlyCount "79"]
[EventDate "2014.01.02"]
[EventType "swiss"]
[EventRounds "7"]
[EventCountry "ITA"]
[SourceTitle "EXT 2015"]
[Source "ChessBase"]
[SourceDate "2014.11.20"]
[SourceVersion "1"]
[SourceVersionDate "2014.11.20"]
[SourceQuality "1"]

1. d4 d5 2. c4 e6 3. cxd5 exd5 4. Nc3 Nf6 5. Bg5 Be7 6. e3 0-0 7. Qc2 c6 8. Bd3 h6 9. Bh4 Re8 10. Nf3 Nbd7 11. 0-0 g5 12. Bg3 Nh5 13. Ne2 Bf6 14. h3 Bg7 15. Bh2 Nhf6 16. Ng3 g4 17. hxg4 Nxg4 18. Rae1 Ndf6 19. b4 Nxh2 20. Nxh2 Qd6 21. b5 cxb5 22. Bxb5 Re7 23. Rc1 Be6 24. Qa4 h5 25. Bd3 Bd7 26. Qd1 h4 27. Nf5 Bxf5 28. Bxf5 Ne4 29. Qg4 Qf6 30. Nf3 Nd6 31. Bd3 Kf8 32. Rc2 Qh6 33. Nxh4 Rxe3 34. fxe3 Qxe3+ 35. Rcf2 Qxd3 36. Qd7 Bxd4 37. Qxd6+ Kg7 38. Qf4 Bxf2+ 39. Qxf2 Rf8 40. Nf5+ 1-0

[Event "Como Primavera op 5th"]
[Site "Como"]
[Date "2010.05.20"]
[Round "6"]
[White "Orsenigo, Davide"]
[Black "Croso, Marco"]
[Result "0-1"]
[WhiteElo "1860"]
[BlackElo "1817"]
[PlyCount "58"]
[EventDate "2010.04.15"]
[EventType "swiss"]
[EventRounds "6"]
[EventCountry "ITA"]
[SourceTitle "EXT 2024"]
[Source "ChessBase"]
[SourceDate "2023.10.10"]
[SourceVersion "1"]
[SourceVersionDate "2023.10.10"]
[SourceQuality "1"]

1. e4 c5 2. Nf3 a6 3. d4 cxd4 4. Nxd4 Nf6 5. Nc3 e5 6. Nb3 Bb4 7. Bd3 Bxc3+ 8. bxc3 Qc7 9. c4 d6 10. 0-0 0-0 11. Bd2 Be6 12. Bb4 Rd8 13. c5 Bxb3 14. axb3 dxc5 15. Bd2 Nc6 16. Bg5 Rd6 17. Qf3 h6 18. Bh4 Rad8 19. Qg3 g5 20. Bxg5 hxg5 21. Qxg5+ Kh8 22. f4 Nh7 23. Qh5 Rg6 24. Rf3 Rdg8 25. Rh3 Rxg2+ 26. Kh1 R8g7 27. Qf5 R2g6 28. Qh5 Qa5 29. Rxa5 Rg1# 0-1

[Event "Como Primavera op 5th"]
[Site "Como"]
[Date "2010.05.06"]
[Round "4"]
[White "Primerano, Carlo"]
[Black "Croso, Marco"]
[Result "1/2-1/2"]
[WhiteElo "1758"]
[BlackElo "1817"]
[PlyCount "98"]
[EventDate "2010.04.15"]
[EventType "swiss"]
[EventRounds "6"]
[EventCountry "ITA"]
[SourceTitle "EXT 2024"]
[Source "ChessBase"]
[SourceDate "2023.10.10"]
[SourceVersion "1"]
[SourceVersionDate "2023.10.10"]
[SourceQuality "1"]

1. d4 d5 2. c4 e6 3. Nc3 Nf6 4. cxd5 exd5 5. Bg5 Be7 6. Qc2 0-0 7. e3 c6 8. Bd3 Nbd7 9. Nf3 Re8 10. 0-0 h6 11. Bh4 Ne4 12. Bxe7 Qxe7 13. Rab1 Ng5 14. Nxg5 Qxg5 15. Ne2 Nf6 16. Ng3 h5 17. b4 Bd7 18. b5 h4 19. Ne2 Bh3 20. Nf4 Bxg2 21. Nxg2 h3 22. f4 Qxg2+ 23. Qxg2 hxg2 24. Rfe1 Ng4 25. e4 dxe4 26. Bxe4 cxb5 27. Kxg2 Re7 28. Bh7+ Kf8 29. Rxe7 Kxe7 30. Be4 a6 31. Bxb7 Ra7 32. Bf3 Ne3+ 33. Kf2 Nf5 34. d5 Rc7 35. Be4 Nd6 36. Bd3 Rc3 37. Ke3 a5 38. Kd4 b4 39. a3 Rxa3 40. Re1+ Kd7 41. h4 Ra2 42. f5 Rf2 43. Ra1 Nxf5+ 44. Bxf5+ Rxf5 45. Rxa5 Rf4+ 46. Ke5 Rxh4 47. Ra7+ Ke8 48. Ra8+ Kd7 49. Ra7+ Ke8 1/2-1/2